Junk food - Statistics

General Stats
  • This quiz has been taken 90 times
  • The average score is 6 of 8
Answer Stats
Picture Answer % Correct
Popcorn
100%
Ice cream
99%
Chips
92%
Lollipop
91%
Cake
88%
Cupcake
85%
Candy
60%
Potato crisps
23%
No matching quizzes found
Score Distribution
Percent of People with Each Score
Percentile by Number Answered
Your Score History
You have not taken this quiz